La trascendentalidad de la metafísica en Santo Tomás de Aquino
محفوظ في:
| المؤلف الرئيسي: | |
|---|---|
| التنسيق: | كتاب |
| اللغة: | الإسبانية |
| منشور في: |
Santiago
Universidad Católica de Chile
1986
|
| سلاسل: | Lecciones del Plan Básico de Filosofía
|
| الموضوعات: | |
| الوسوم: |
إضافة وسم
لا توجد وسوم, كن أول من يضع وسما على هذه التسجيلة!
|
MARC
| LEADER | 00000nam a2200000 a 4500 | ||
|---|---|---|---|
| 001 | UCZ2376 | ||
| 003 | CL-VaPUC | ||
| 008 | 950929e19860300CL |||||||||||||||||spa|d | ||
| 082 | 0 | 4 | |a 189.4 |b FER |2 21 |
| 100 | 0 | |a Fernández Rodríguez, José Luis |e author |9 346152 | |
| 245 | 1 | 3 | |a La trascendentalidad de la metafísica en Santo Tomás de Aquino |
| 300 | |a 41 p | ||
| 942 | |c BK | ||
| 945 | |d 19950929 00:00:00 |a cmena | ||
| 260 | |a Santiago |b Universidad Católica de Chile |c 1986 | ||
| 600 | 0 | |a Tomás de Aquino |d 1220-1274 |c Santo |9 255832 | |
| 650 | 0 | |a Filosofía medieval |9 256245 | |
| 650 | 0 | |a Tomismo |9 259214 | |
| 650 | 0 | |a Metafísica |9 265649 | |
| 650 | 0 | |a Ontología |9 256850 | |
| 650 | 0 | |a Lógica |9 256849 | |
| 650 | 0 | |a Metodología |9 256610 | |
| 583 | |a last modification |c 19950929 00:00:00 |k Rodrigo Vera | ||
| 490 | 0 | |a Lecciones del Plan Básico de Filosofía | |
| 999 | |c 239001 |d 238999 | ||
| 952 | |0 0 |1 0 |4 0 |6 189_400000000000000_FER_1986 |7 0 |8 A |9 249770 |a BIBEDU |b BIBEDU |d 2019-11-18 |i 1567748 |o 189.4 FER 1986 |p 1567748 |r 2019-11-18 |w 2019-11-18 |y BK |k FIL | ||